Manual de soldadura eléctrica

Zapisane w:
Opis bibliograficzny
1. autor: González Vázquez, José (Autor)
Format: Książka
Język:hiszpański
Wydane: Barcelona CEAC 1981
Wydanie:3a. ed
Seria:Manuales CEAC de Mecánica
Hasła przedmiotowe:
Etykiety: Dodaj etykietę
Nie ma etykietki, Dołącz pierwszą etykiete!

MARC

LEADER 00000nam a2200000 a 4500
001 UCY3996
003 CL-VaPUC
008 950125e19810000SP |||||||||||||||||spa|d
082 0 4 |a 671.521  |b GON  |2 21 
100 |a González Vázquez, José  |e author  |9 426923 
245 1 0 |a Manual de soldadura eléctrica 
250 |a 3a. ed 
300 |a 213 p 
942 |c BK 
945 |d 19950125 00:00:00  |a mfernand 
260 |a Barcelona  |b CEAC  |c 1981 
650 7 |a SOLDADURA ELECTRICA  |2 CL-VaPUC  |9 271820 
650 0 |a Manuales  |9 257144 
583 |a last modification  |c 19950125 00:00:00  |k Rodrigo Vera 
490 0 |a Manuales CEAC de Mecánica 
999 |c 231996  |d 231994 
952 |0 0  |1 0  |4 0  |6 671_521000000000000_GON_1981  |7 0  |8 A  |9 235935  |a BIBING  |b BIBING  |d 2019-11-15  |i 3055884  |o 671.521 GON 1981  |p 3055884  |r 2025-01-20  |w 2019-11-15  |y BK  |k ING